ঘরে বাইরের সাহিত্য-চিন্তা / (Record no. 49673)
[ view plain ]
| 000 -LEADER | |
|---|---|
| fixed length control field | 00911nam a2200229 a 4500 |
| 001 - CONTROL NUMBER | |
| control field | 49673 |
| 003 - CONTROL NUMBER IDENTIFIER | |
| rucl marc code | BD-RjUL |
| 005 - DATE AND TIME OF LATEST TRANSACTION | |
| control field | 20211209054718.0 |
| 008 - FIXED-LENGTH DATA ELEMENTS--GENERAL INFORMATION | |
| fixed length control field | 160822s1962 ii ||||| |||| 00| 0 ben d |
| 020 ## - INTERNATIONAL STANDARD BOOK NUMBER | |
| Terms of availability | : IRs.5.00 |
| 035 ## - SYSTEM CONTROL NUMBER | |
| System control number | (BD-RjUL)49793 |
| 040 ## - CATALOGING SOURCE | |
| Original cataloging agency | BD-RjUL |
| Language of cataloging | ben |
| Transcribing agency | BD-RjUL |
| Modifying agency | BD-RjUL |
| 041 ## - LANGUAGE CODE | |
| Language code of text/sound track or separate title | ben |
| 082 ## - DEWEY DECIMAL CLASSIFICATION NUMBER | |
| Edition number | 23 |
| Classification number | 891.4409 |
| Author mark and year | DAG 1962 |
| 100 ## - MAIN ENTRY--PERSONAL NAME | |
| Personal name | দাশগুপ্ত, শশীভূষণ |
| 9 (RLIN) | 148941 |
| 245 10 - TITLE STATEMENT | |
| Title | ঘরে বাইরের সাহিত্য-চিন্তা / |
| Statement of responsibility, etc. | শশীভূষণ দাশগুপ্ত, |
| 260 ## - PUBLICATION, DISTRIBUTION, ETC. (IMPRINT) | |
| Place of publication, distribution, etc. | কলিকাতা : |
| Name of publisher, distributor, etc. | সাহিত্য জগৎ, |
| Date of publication, distribution, etc. | ১৯৬২(১৩৬৯). |
| 300 ## - PHYSICAL DESCRIPTION | |
| Pagination | ১৭০ পৃ. ; |
| Size | ২৪ সেমি. |
| 650 ## - SUBJECT ADDED ENTRY--TOPICAL TERM | |
| Topical term or geographic name as entry element | বাংলা সাহিত্য |
| Form subdivision | ইতিহাস ও সমালোচনা |
| 9 (RLIN) | 117445 |
| Topical term or geographic name as entry element | Bengali literature |
| Form subdivision | History and Criticism |
| 9 (RLIN) | 148943 |
| 942 ## - ADDED ENTRY ELEMENTS (KOHA) | |
| Source of classification or shelving scheme | Dewey Decimal Classification |
| Koha item type | Books |
| Lost status | Source of classification or shelving scheme | Damaged status | Not for loan | Collection code | Permanent Location | Current Location | Shelving location | Date acquired | Source of acquisition | Cost, normal purchase price | Total Checkouts | Full call number | Date last seen | Copy number | Koha item type |
|---|---|---|---|---|---|---|---|---|---|---|---|---|---|---|---|
| Dewey Decimal Classification | Non-fiction | Central Library, University of Rajshahi | Central Library, University of Rajshahi | 22/01/1965 | Ideal | 5.62 | B 891.4409 DAG 1962 | 22/08/2016 | C-2 | Books | |||||
| Dewey Decimal Classification | Not For Loan | Non-fiction | Central Library, University of Rajshahi | Central Library, University of Rajshahi | Reading Room | 21/01/1965 | Ideal | 5.62 | B 891.4409 DAG 1962 | 25/01/2017 | C-1 | Books |